000 00587cam a22002053a 4500
001 44787
003 PGUSA
005 20140828084025.0
008 140129s2014||||xxu|||||s|||||000 | eng d
040 _aPGUSA
_beng
042 _adc
100 1 _aMinisters
245 1 2 _aA Vindication of the Presbyteriall-Government and Ministry
_h[electronic resource] /
_cMinisters
260 _bProject Gutenberg,
_c2014
506 _aPublic domain in the USA.
516 _aElectronic text
830 0 _aProject Gutenberg
_v44787
856 4 0 _uhttp://www.gutenberg.org/ebooks/44787
942 _cEB
999 _c274038
_d274038